Sanat - "Joulun kanssas jaan" - Statistics

Yleistilastot
  • Tätä visaa on pelattu 77 kertaa
  • Keskiarvotulos 116 / 155
Vastaustilastot
Vastaus % Oikein
tämä
100%
KERTOSÄE
98%
lunta
98%
98%
sataa
98%
taa
98%
tää
98%
en
95%
enemmän
95%
ja
95%
joitain
95%
kanssas
95%
maa
95%
se
95%
suosi
95%
Valkoinen
95%
valkoinen
95%
vuosi
95%
auki
93%
jaan
93%
joulun
93%
seison
93%
taas
93%
takki
93%
tässä
93%
antaa
88%
halaamaan
88%
päästä
88%
sua
88%
tahtoisin
88%
tämän
88%
tänä
85%
vuonna
85%
kynttilän
78%
nyt
78%
sulle
78%
sytyttää
78%
vaan
78%
aion
76%
ei
76%
kii
76%
kiire
76%
joku
73%
kadut
73%
mulla
73%
oo
73%
sen
73%
synnyttiin
73%
tänne
73%
valoja
73%
kansa
71%
kiireensä
71%
lahjavuorten
71%
maan
71%
minnekään
71%
piiloutuu
71%
täynnä
71%
varten
71%
pulloja
68%
soittelemaan
68%
taivaan
68%
kadulle
66%
kivien
66%
muka
66%
väreissä
66%
jota
63%
juoskoon
63%
nimettyjen
63%
hetken
59%
Hulinaa
59%
olla
59%
saan
59%
tahdon
56%
vielä
56%
joskus
54%
kaikki
54%
häviää
51%
hengähtää
51%
hetkisen
51%
Joka
51%
joka
51%
vaikeroi
51%
ymmärtää
51%
hetkeksi
49%
on
49%
päivä
49%
pois
49%
rikkaus
49%
sitä
49%
vain
49%
yritän
49%
elämään
46%
kuinka
46%
kuuluu
46%
mun
46%
pysty
46%
sisällä
46%
suruni
46%
viha
46%
näkemään
44%
Särkyköön
44%
eikä
41%
kerran
41%
silmillä
41%
lähdetään
39%
täältä
39%
tullaan
34%
Tuol
15%
Ehtoja vastaavia visoja ei löytynyt
Tulosjakauma
Jokaisen tuloksen saaneiden osuus
Persentiili vastausten määrän mukaan
Tuloshistoriasi
Et ole pelannut tätä visaa